000 00774nam a22002177a 4500
999 _c19815
_d19815
003 AR-CdUCM
008 190522b ||||| |||| 00| 0 spa d
040 _aMUNICIPALIDAD PROVINCIAL DEL CUSCO
_cBIBLIOTECA MUNICIPAL DEL CUSCO
082 _a869.14 /
_bA44
100 _aAltamirano, Ignacio Manuel
_93332
245 _aEl zarco :
_bepisodios de la vida mexicana en 1861-63 /
260 _aMéxico, D.F :
_bNacional,
_c1963.
300 _a286 páginas ;
_bIlustraciones,
_c17 cm.
505 _aContenido: Yautepec -- El terror -- Las dos amigas -- Nicolás...
650 _aNovelas mexicanas
_9676
650 _aMéxico
_918
650 _aLiteratura sudamericana
_96319
700 _aSosa, Francisco D. (prologo)
_941436
942 _2ddc
_cLIBROS
945 _adavv
_d2019-05-22